书目信息 |
| 题名: |
政治主体论
|
|
| 作者: | 陈怀平 著 | |
| 分册: | ||
| 出版信息: | 北京 中国社会科学出版社 2013 |
|
| 页数: | 268页 | |
| 开本: | 21cm | |
| 丛书名: | ||
| 单 册: | ||
| 中图分类: | D0-02 | |
| 科图分类: | ||
| 主题词: | 政治哲学--主体论--研究 , 政治哲学 , 主体论 | |
| 电子资源: | ||
| ISBN: | 978-7-5161-3592-1 | |
| 000 | 01665nam0 2200289 450 | |
| 001 | 523 | |
| 005 | 20140905095556.96 | |
| 010 | @a978-7-5161-3592-1@dCNY35.00 | |
| 100 | @a20140331d2013 em y0chiy50 ea | |
| 101 | 0 | @achi@eeng |
| 102 | @aCN@b110000 | |
| 105 | @ay z 000yy | |
| 106 | @ar | |
| 200 | 1 | @a政治主体论@AZheng Zhi Zhu Ti Lun@e基于马克思主义主体哲学的分析@EJi Yu Ma Ke Si Zhu Yi Zhu Ti Zhe Xue De Fen Xi@dTheory of political subject@ebased on analysis of subject philosophy of Marxism@f陈怀平著@FChen Huai Ping Zhu@zeng |
| 210 | @a北京@c中国社会科学出版社@d2013 | |
| 215 | @a268页@d21cm | |
| 300 | @a国家社会科学基金西部项目(“当代中国马克思主义政治哲学建构研究”)阶段性研究成果 教育部中央高校基本科研业务费专项资金资助项目 长安大学创新团队建设项目(“当代中国马克思主义政治哲学研究”)阶段性研究成果 | |
| 330 | @a本书以马克思主义的主体哲学思想为理论指导,以“劳动政治论”、“人本政治论”和“主体生成论”等理论为立论基础,以“理论与实践相统一”、“历史与逻辑相统一”为方法论原则,从政治主体“本质规定”、“历史演进”、“逻辑形态”、“张力结构”、“价值诉求”、“实践生成”六个维度全方位透视了政治主体的相关问题,并最终落脚于“政治主体建构的中国语境”,以期为中国民主政治发展中的政治主体建构寻求理论支撑和方法路径。 | |
| 510 | 1 | @aTheory of political subject@ebased on analysis of subject philosophy of Marxism@zeng |
| 517 | 1 | @a基于马克思主义主体哲学的分析@AJi Yu Ma Ke Si Zhu Yi Zhu Ti Zhe Xue De Fen Xi |
| 606 | 0 | @a政治哲学@x主体论@x研究 |
| 606 | 0 | @a政治哲学 |
| 606 | 0 | @a主体论 |
| 690 | @aD0-02@v5 | |
| 701 | 0 | @c(土家)@a陈怀平@AChen Huai Ping@f(1980~)@4著 |
| 801 | 0 | @aCN@bTANGWEI@c20140603 |
| 905 | @b0839722-24@dD0-02@e303@f3 | |
| 政治主体论:基于马克思主义主体哲学的分析=Theory of political subject:based on analysis of subject philosophy of Marxism/陈怀平著.-北京:中国社会科学出版社,2013 |
| 268页;21cm |
| 国家社会科学基金西部项目(“当代中国马克思主义政治哲学建构研究”)阶段性研究成果 教育部中央高校基本科研业务费专项资金资助项目 长安大学创新团队建设项目(“当代中国马克思主义政治哲学研究”)阶段性研究成果 |
| ISBN 978-7-5161-3592-1:CNY35.00 |
| 本书以马克思主义的主体哲学思想为理论指导,以“劳动政治论”、“人本政治论”和“主体生成论”等理论为立论基础,以“理论与实践相统一”、“历史与逻辑相统一”为方法论原则,从政治主体“本质规定”、“历史演进”、“逻辑形态”、“张力结构”、“价值诉求”、“实践生成”六个维度全方位透视了政治主体的相关问题,并最终落脚于“政治主体建构的中国语境”,以期为中国民主政治发展中的政治主体建构寻求理论支撑和方法路径。 |
| ● |
| 相关链接 |
|
|
|
|
正题名:政治主体论
索取号:D0-02/303
 
预约/预借
| 序号 | 登录号 | 条形码 | 馆藏地/架位号 | 状态 | 备注 |
| 1 | 0839722 | 208397224 | 第一样本阅览室/ [索取号:D0-02/303] | 在馆 | |
| 2 | 0839723 | 208397233 | 第一借阅区/ [索取号:D0-02/303] | 在馆 | |
| 3 | 0839724 | 208397242 | 密集书库-史法系/ [索取号:D0-02/303] | 在馆 |